| 000 | 00853nam a22002177a 4500 | ||
|---|---|---|---|
| 999 |
_c20819 _d20819 |
||
| 003 | AR-CdUCM | ||
| 008 | 190606b ||||| |||| 00| 0 spa d | ||
| 040 |
_aMUNICIPALIDAD PROVINCIAL DEL CUSCO _cBIBLIOTECA MUNICIPAL DEL CUSCO |
||
| 082 |
_a340.4 / _bE64 |
||
| 100 |
_aEnríquez Tapia, Jesús Augusto _943488 |
||
| 245 | _aLos trabajadores del hogar en la legislación peruana / | ||
| 260 |
_aCusco : _c1978. |
||
| 300 |
_a165 páginas; _c29 cm. |
||
| 500 | _aTesis | ||
| 505 | _aContenido: La servidumbre indígena y domestica en nuestra Historia -- Critica y comentario de las disposiciones laborales de los trabajadores de hogar -- El contrato de trabajo y la locación de servicios del servidor domestico... | ||
| 650 |
_aTrabajo _94726 |
||
| 650 |
_aLegislación _94352 |
||
| 650 |
_aPerú _935 |
||
| 942 |
_2ddc _cLIBROS |
||
| 945 | _aJavier | ||